5 Most Populous Cities in Each E.U. NUTS1 With a Map - Statistics

General Stats
  • This quiz has been taken 1,203 times
  • The average score is 159 of 449
Answers on the Map
Answers color-coded by a green-red scale on the quiz's map according to % correct below.
 
Answer Stats
Country NUTS1 Population City % Correct
Ireland Ireland 553,165 Dublin
91%
Spain Comunidad de Madrid 3,334,730 Madrid
86%
Spain Este 1,664,182 Barcelona
85%
Portugal Continente 552,700 Lisbon
85%
France Ile-de-France 2,175,601 Paris
85%
Italy Centro (IT) 2,783,809 Rome
85%
Denmark Danmark 1,336,982 Copenhagen
84%
Netherlands West-Nederland 1,114,745 Amsterdam
83%
Germany Berlin 3,669,491 Berlin
83%
Finland Manner-Suomi 656,920 Helsinki
83%
Sweden Östra Sverige 975,551 Stockholm
83%
Austria Ostösterreich 1,921,153 Vienna
83%
Greece Attiki 664,046 Athens
82%
Belgium Région de Bruxelles-Capitale/Brussels Hoofdstedelijk Gewest 185,103 Brussels
82%
Italy Nord-Ovest 1,397,715 Milan
82%
Germany Hamburg 1,847,253 Hamburg
81%
Germany Bayern 1,484,226 Munich
81%
Italy Sud 940,940 Naples
81%
Portugal Continente 237,591 Porto
81%
Ireland Ireland 125,622 Cork
80%
Latvia Latvija 627,487 Rīga
80%
Hungary Közép-Magyarország 1,752,286 Budapest
79%
France Auvergne-Rhône-Alpes 518,635 Lyon
79%
France Provence-Alpes-Côte d’Azur 868,277 Marseille
79%
France Provence-Alpes-Côte d’Azur 341,032 Nice
79%
Czech Republic Česko 1,335,084 Prague
79%
Netherlands West-Nederland 829,875 Rotterdam
79%
Poland Makroregion województwo mazowieckie 1,790,658 Warsaw
79%
Croatia Hrvatska 688,163 Zagreb
79%
Bulgaria Yugozapadna i Yuzhna tsentralna Bulgaria 1,221,785 Sofia
78%
Estonia Eesti 438,341 Tallinn
78%
Romania Macroregiunea Trei 1,883,425 Bucharest
77%
Italy Nord-Ovest 848,196 Turin
77%
Spain Este 800,215 Valencia
77%
Italy Nord-Est 255,609 Venice
77%
Lithuania Lietuva 559,250 Vilnius
77%
Italy Centro (IT) 359,755 Florence
76%
Italy Isole 640,720 Palermo
76%
Belgium Vlaams Gewest 529,247 Antwerp
75%
France Nouvelle-Aquitaine 257,068 Bordeaux
75%
Germany Brandenburg 57,751 Frankfurt
75%
Germany Hessen 763,380 Frankfurt am Main
75%
Sweden Södra Sverige 347,949 Malmö
75%
Netherlands West-Nederland 803,835 The Hague
74%
Spain Noreste 350,184 Bilbao
73%
Germany Nordrhein-Westfalen 1,087,863 Cologne
73%
Poland Makroregion południowy 779,115 Krakow
72%
Luxembourg Luxembourg 95,058 Luxembourg
72%
Cyprus Kýpros 106,850 Nicosia
72%
Germany Baden-Württemberg 635,911 Stuttgart
72%
Greece Voreia Elláda 315,196 Thessaloníki
72%
France Occitanie 486,828 Toulouse
72%
Slovakia Slovensko 440,948 Bratislava
71%
Poland Makroregion północny 470,907 Gdańsk
71%
Italy Nord-Ovest 558,930 Genoa
71%
Sweden Södra Sverige 583,056 Gothenburg
71%
France Hauts-de-France 233,098 Lille
71%
Germany Bremen 567,559 Bremen
70%
Germany Nordrhein-Westfalen 621,877 Düsseldorf
70%
Slovenia Slovenija 286,745 Ljubljana
70%
Austria Westösterreich 155,424 Salzburg
70%
Germany Sachsen 556,780 Dresden
69%
Germany Bayern 518,370 Nuremberg
69%
France Grand Est 284,677 Strasbourg
69%
Spain Sur 578,460 Málaga
68%
Croatia Hrvatska 167,121 Split
68%
Italy Sud 313,003 Bari
67%
Italy Nord-Est 394,463 Bologna
67%
Germany Sachsen 593,145 Leipzig
67%
France Pays de la Loire 314,138 Nantes
67%
Spain Este 422,587 Palma
67%
Spain Sur 691,395 Sevilla
67%
Spain Noreste 681,877 Zaragoza
66%
Austria Westösterreich 131,042 Innsbruck
65%
Denmark Danmark 282,910 Aarhus
64%
Czech Republic Česko 382,405 Brno
64%
Germany Nordrhein-Westfalen 582,760 Essen
64%
Austria Südösterreich 291,130 Graz
64%
Germany Niedersachsen 536,925 Hanover
64%
Netherlands West-Nederland 382,520 Utrecht
64%
Belgium Vlaams Gewest 263,927 Ghent
63%
Germany Nordrhein-Westfalen 588,250 Dortmund
62%
Belgium Vlaams Gewest 118,656 Brugge
61%
Italy Isole 149,474 Cagliari
61%
Ireland Ireland 79,504 Galway
61%
Ireland Ireland 58,319 Limerick
61%
Poland Makroregion centralny 679,941 Łódź
61%
France Bretagne 139,602 Brest
60%
Italy Isole 294,298 Catania
60%
Belgium Région wallonne 197,217 Liège
60%
Spain Sur 233,648 Granada
59%
Austria Westösterreich 206,552 Linz
59%
Greece Nisia Aigaiou, Kriti 140,730 Heraklion
58%
Germany Schleswig-Holstein 246,794 Kiel
58%
Italy Nord-Est 257,838 Verona
58%
France Corse 70,817 Ajaccio
57%
France Occitanie 290,053 Montpellier
57%
Poland Makroregion południowo-zachodni 642,869 Wrocław
57%
France Bourgogne-Franche-Comté 156,854 Dijon
56%
Spain Sur 459,403 Murcia
56%
France Bretagne 217,728 Rennes
56%
Spain Noroeste 247,604 A Coruña
55%
Poland Makroregion południowy 292,774 Katowice
55%
Romania Macroregiunea Unu 324,576 Cluj-Napoca
54%
Netherlands Zuid-Nederland 298,795 Eindhoven
54%
Netherlands Noord-Nederland 213,705 Groningen
54%
Lithuania Lietuva 293,257 Kaunas
54%
Germany Baden-Württemberg 310,658 Mannheim
54%
Poland Makroregion północno-zachodni 401,907 Szczecin
54%
Finland Manner-Suomi 241,009 Tampere
54%
Sweden Östra Sverige 233,839 Uppsala
54%
Bulgaria Severna i Yugoiztochna Bulgaria 332,394 Varna
54%
Denmark Danmark 119,219 Aalborg
53%
Spain Sur 326,039 Córdoba
53%
Belgium Région wallonne 202,746 Charleroi
52%
Spain Canarias 381,223 Las Palmas
52%
Spain Este 337,482 Alicante
51%
Finland Manner-Suomi 207,327 Oulu
51%
Poland Makroregion północno-zachodni 534,813 Poznań
51%
Germany Saarland 180,374 Saarbrücken
51%
France Normandie 169,733 Le Havre
50%
Denmark Danmark 180,760 Odense
49%
Bulgaria Yugozapadna i Yuzhna tsentralna Bulgaria 342,048 Plovdiv
49%
Germany Mecklenburg-Vorpommern 209,191 Rostock
49%
Germany Bayern 296,582 Augsburg
48%
Italy Nord-Est 200,218 Parma
48%
Germany Brandenburg 180,334 Potsdam
48%
France Hauts-de-France 86,865 Dunkirk
47%
France Auvergne-Rhône-Alpes 157,650 Grenoble
47%
Italy Isole 225,546 Messina
47%
France Grand Est 182,211 Reims
47%
France Normandie 111,360 Rouen
47%
France Provence-Alpes-Côte d’Azur 176,198 Toulon
47%
Spain Noroeste 296,692 Vigo
47%
Spain Noreste 188,240 Donostia
46%
Germany Nordrhein-Westfalen 498,686 Duisburg
46%
Germany Schleswig-Holstein 216,530 Lübeck
46%
Czech Republic Česko 175,219 Plzeň
46%
Greece Nisia Aigaiou, Kriti 49,541 Rhodes
46%
Finland Manner-Suomi 292,796 Espoo
45%
Germany Baden-Württemberg 231,195 Freiburg im Breisgau
45%
France Grand Est 116,581 Metz
45%
Spain Centro (ES) 299,265 Valladolid
45%
Portugal Continente 136,885 Braga
44%
Romania Macroregiunea Doi 283,872 Constanța
44%
Hungary Alföld és Észak 201,432 Debrecen
44%
France Grand Est 104,885 Nancy
44%
France Centre — Val de Loire 116,238 Orléans
44%
Czech Republic Česko 284,982 Ostrava
44%
Spain Noreste 203,944 Pamplona
44%
Slovakia Slovensko 238,138 Košice
43%
Poland Makroregion wschodni 339,784 Lublin
43%
Germany Rheinland-Pfalz 218,578 Mainz
43%
Ireland Ireland 48,369 Waterford
43%
France Normandie 105,512 Caen
42%
Slovenia Slovenija 96,211 Maribor
42%
Croatia Hrvatska 128,384 Rijeka
42%
Romania Macroregiunea Patru 319,279 Timișoara
42%
Poland Makroregion północny 348,190 Bydgoszcz
41%
Germany Baden-Württemberg 312,060 Karlsruhe
41%
Cyprus Kýpros 101,000 Limassol
41%
Germany Sachsen-Anhalt 237,565 Magdeburg
41%
Italy Nord-Est 208,306 Padua
41%
Estonia Eesti 91,407 Tartu
41%
France Centre — Val de Loire 136,463 Tours
41%
France Provence-Alpes-Côte d’Azur 91,729 Avignon
40%
Bulgaria Severna i Yugoiztochna Bulgaria 198,593 Burgas
40%
Lithuania Lietuva 149,046 Klaipėda
40%
Spain Noroeste 271,717 Gijón
39%
Italy Sud 173,456 Reggio di Calabria
39%
France Auvergne-Rhône-Alpes 173,089 Saint-Étienne
39%
Netherlands Zuid-Nederland 162,165 s-Hertogenbosch
39%
Croatia Hrvatska 71,471 Zadar
39%
France Hauts-de-France 133,891 Amiens
38%
Germany Bremen 113,643 Bremerhaven
38%
Italy Nord-Ovest 195,102 Brescia
38%
Romania Macroregiunea Doi 290,422 Iași
38%
France Ile-de-France 112,091 Saint-Denis
38%
France RUP FR — Régions Ultrapériphériques Françaises 150,535 Saint-Denis
38%
Spain Noroeste 173,375 Santander
38%
France Provence-Alpes-Côte d’Azur 143,097 Aix-en-Provence
37%
Germany Sachsen 246,334 Chemnitz
37%
Poland Makroregion północny 246,348 Gdynia
37%
France Occitanie 149,633 Nîmes
37%
Greece Kentriki Elláda 167,446 Patras
37%
Italy Sud 189,366 Taranto
37%
Latvia Latvija 82,046 Daugavpils
36%
Germany Thüringen 213,981 Erfurt
36%
Portugal Região Autónoma da Madeira 111,541 Funchal
36%
France Occitanie 119,188 Perpignan
36%
Sweden Norra Sverige 130,224 Umeå
36%
Austria Südösterreich 25,033 Wolfsberg
36%
Germany Niedersachsen 124,371 Wolfsburg
36%
France Auvergne-Rhône-Alpes 146,734 Clermont-Ferrand
35%
France Pays de la Loire 143,252 Le Mans
35%
Belgium Région wallonne 111,432 Namur
35%
Spain Noroeste 219,910 Oviedo
35%
Germany Bayern 153,094 Regensburg
35%
France Pays de la Loire 154,508 Angers
34%
Austria Südösterreich 101,779 Klagenfurt
34%
Poland Makroregion wschodni 297,554 Białystok
33%
Germany Niedersachsen 249,406 Braunschweig
33%
Germany Thüringen 111,343 Jena
33%
Sweden Södra Sverige 142,427 Jönköping
33%
Germany Hessen 202,137 Kassel
33%
Sweden Östra Sverige 164,616 Linköping
33%
France Grand Est 108,942 Mulhouse
33%
Germany Niedersachsen 169,077 Oldenburg
33%
Germany Brandenburg 72,184 Brandenburg an der Havel
32%
Netherlands Zuid-Nederland 154,880 Breda
32%
Germany Sachsen-Anhalt 238,762 Halle
32%
France Pays de la Loire 54,766 La Roche-sur-Yon
32%
Belgium Vlaams Gewest 102,275 Leuven
32%
Spain Este 269,382 L'Hospitalet de Llobregat
32%
France Nouvelle-Aquitaine 131,479 Limoges
32%
Italy Centro (IT) 156,031 Livorno
32%
Spain Centro (ES) 144,825 Salamanca
32%
Spain Canarias 209,194 Santa Cruz
32%
Germany Rheinland-Pfalz 111,528 Trier
32%
Germany Baden-Württemberg 161,485 Heidelberg
31%
Sweden Södra Sverige 149,280 Helsingborg
31%
Belgium Région wallonne 95,887 Mons
31%
Estonia Eesti 53,424 Narva
31%
Netherlands Oost-Nederland 161,000 Nijmegen
31%
Hungary Dunántúl 142,873 Pécs
31%
Germany Hessen 278,474 Wiesbaden
31%
France Normandie 79,144 Cherbourg-en-Cotentin
30%
Germany Schleswig-Holstein 90,164 Flensburg
30%
Hungary Dunántúl 132,038 Győr
30%
Germany Bayern 137,392 Ingolstadt
30%
Greece Kentriki Elláda 144,651 Larissa
30%
Cyprus Kýpros 51,468 Larnaca
30%
Netherlands Zuid-Nederland 213,055 Tilburg
30%
France Corse 48,044 Bastia
29%
Romania Macroregiunea Unu 253,200 Brașov
29%
Spain Centro (ES) 176,418 Burgos
29%
Luxembourg Luxembourg 30,125 Esch-sur-Alzette
29%
Germany Rheinland-Pfalz 114,052 Koblenz
29%
Sweden Östra Sverige 156,381 Örebro
29%
Germany Niedersachsen 165,251 Osnabrück
29%
France Nouvelle-Aquitaine 76,275 Pau
29%
France Bretagne 63,166 Quimper
29%
Italy Isole 124,111 Sassari
29%
Hungary Alföld és Észak 160,766 Szeged
29%
Denmark Danmark 72,044 Esbjerg
28%
Croatia Hrvatska 84,104 Osijek
28%
Italy Centro (IT) 164,057 Perugia
28%
Germany Mecklenburg-Vorpommern 95,653 Schwerin
28%
Spain Noreste 253,996 Vitoria-Gasteiz
28%
Netherlands Oost-Nederland 110,245 Arnhem
27%
Spain Centro (ES) 150,984 Badajoz
27%
Germany Hessen 159,878 Darmstadt
27%
Netherlands Oost-Nederland 147,850 Enschede
27%
France Nouvelle-Aquitaine 76,114 La Rochelle
27%
Netherlands West-Nederland 270,225 Leiden
27%
Sweden Södra Sverige 125,941 Lund
27%
Finland Manner-Suomi 237,231 Vantaa
27%
Netherlands Oost-Nederland 177,045 Almere
26%
France Bourgogne-Franche-Comté 116,775 Besançon
26%
Germany Brandenburg 99,678 Cottbus
26%
Sweden Norra Sverige 78,549 Luleå
26%
Italy Nord-Ovest 123,983 Monza
26%
Bulgaria Severna i Yugoiztochna Bulgaria 135,440 Rousse
26%
Sweden Östra Sverige 155,551 Västerås
26%
Belgium Région de Bruxelles-Capitale/Brussels Hoofdstedelijk Gewest 120,887 Anderlecht
25%
Greece Nisia Aigaiou, Kriti 53,910 Chanía
25%
Czech Republic Česko 104,261 Liberec
25%
Estonia Eesti 38,347 Pärnu
25%
Greece Attiki 163,688 Piraeus
25%
Slovenia Slovenija 25,753 Koper
24%
Italy Sud 148,301 Foggia
23%
Netherlands Noord-Nederland 92,460 Leeuwarden
23%
France Nouvelle-Aquitaine 88,665 Poitiers
23%
France RUP FR — Régions Ultrapériphériques Françaises 103,492 Saint-Paul
23%
Malta Malta 32,204 St. Paul's Bay
23%
France Auvergne-Rhône-Alpes 150,659 Villeurbanne
23%
Spain Centro (ES) 174,336 Albacete
22%
Netherlands Oost-Nederland 140,210 Apeldoorn
22%
Romania Macroregiunea Patru 269,506 Craiova
22%
Poland Makroregion południowy 220,433 Częstochowa
22%
Romania Macroregiunea Doi 249,432 Galați
22%
Germany Thüringen 93,125 Gera
22%
Germany Rheinland-Pfalz 100,030 Kaiserslautern
22%
Latvia Latvija 68,535 Liepāja
22%
France Bretagne 57,084 Lorient
22%
Germany Rheinland-Pfalz 172,253 Ludwigshafen am Rhein
22%
Italy Centro (IT) 193,568 Prato
22%
Germany Sachsen 88,690 Zwickau
22%
Austria Ostösterreich 25,818 Baden
21%
Finland Åland 11,705 Mariehamn
21%
Hungary Alföld és Észak 154,521 Miskolc
21%
Austria Ostösterreich 55,878 Sankt Pölten
21%
Poland Makroregion północny 201,447 Toruń
21%
Portugal Continente 186,502 Vila Nova de Gaia
21%
Austria Südösterreich 63,265 Villach
21%
Germany Thüringen 65,228 Weimar
21%
Romania Macroregiunea Patru 159,074 Arad
20%
Greece Voreia Elláda 65,574 Ioánnina
20%
Slovakia Slovensko 87,886 Prešov
20%
France Hauts-de-France 98,089 Roubaix
20%
Slovakia Slovensko 80,386 Žilina
20%
France Ile-de-France 121,334 Boulogne-Billancourt
19%
France Centre — Val de Loire 64,668 Bourges
19%
Slovenia Slovenija 37,872 Celje
19%
Poland Makroregion centralny 194,852 Kielce
19%
Germany Hessen 130,280 Offenbach am Main
19%
Poland Makroregion południowo-zachodni 128,035 Opole
19%
Lithuania Lietuva 101,862 Šiauliai
19%
Portugal Continente 175,136 Amadora
18%
France Bourgogne-Franche-Comté 34,764 Auxerre
18%
Slovakia Slovensko 77,719 Banská Bystrica
18%
Sweden Norra Sverige 102,904 Gävle
18%
Romania Macroregiunea Unu 196,367 Oradea
18%
Poland Makroregion województwo mazowieckie 211,371 Radom
18%
Germany Mecklenburg-Vorpommern 59,418 Stralsund
18%
France Occitanie 77,599 Béziers
17%
Netherlands Noord-Nederland 52,060 Emmen
17%
France RUP FR — Régions Ultrapériphériques Françaises 78,126 Fort-de-France
17%
Latvia Latvija 49,687 Jūrmala
17%
Germany Mecklenburg-Vorpommern 63,761 Neubrandenburg
17%
Romania Macroregiunea Trei 209,945 Ploiești
17%
Poland Makroregion wschodni 196,208 Rzeszów
17%
Bulgaria Severna i Yugoiztochna Bulgaria 125,732 Stara Zagora
17%
Austria Ostösterreich 46,478 Wiener Neustadt
17%
Malta Malta 25,463 Birkirkara
16%
Luxembourg Luxembourg 18,781 Dudelange
16%
Poland Makroregion południowy 178,603 Gliwice
16%
Germany Mecklenburg-Vorpommern 59,232 Greifswald
16%
Latvia Latvija 56,062 Jelgava
16%
Poland Makroregion północny 171,979 Olsztyn
16%
Portugal Região Autónoma dos Açores 20,476 Ponta Delgada
16%
Romania Macroregiunea Unu 147,245 Sibiu
16%
France Bretagne 53,438 Vannes
16%
Greece Kentriki Elláda 86,046 Vólos
16%
France Ile-de-France 110,213 Argenteuil
15%
Netherlands Noord-Nederland 65,695 Assen
15%
France Bourgogne-Franche-Comté 46,954 Belfort
15%
Sweden Norra Sverige 94,828 Karlstad
15%
Spain Comunidad de Madrid 191,114 Leganés
15%
Bulgaria Severna i Yugoiztochna Bulgaria 91,119 Pleven
15%
France Pays de la Loire 70,619 Saint-Nazaire
15%
Sweden Norra Sverige 99,439 Sundsvall
15%
France Hauts-de-France 97,442 Tourcoing
15%
Austria Westösterreich 62,662 Wels
15%
Poland Makroregion północno-zachodni 141,222 Zielona Góra
15%
Romania Macroregiunea Doi 180,302 Brăila
14%
Germany Sachsen-Anhalt 80,103 Dessau-Roßlau
14%
Netherlands Zuid-Nederland 169,560 Heerlen
14%
Slovenia Slovenija 37,941 Kranj
14%
Lithuania Lietuva 84,587 Panevėžys
14%
Romania Macroregiunea Trei 155,383 Pitești
14%
Poland Makroregion województwo mazowieckie 119,425 Płock
14%
Belgium Région de Bruxelles-Capitale/Brussels Hoofdstedelijk Gewest 132,799 Schaerbeek
14%
Poland Makroregion wschodni 69,758 Suwałki
14%
Spain Comunidad de Madrid 197,562 Alcalá de Henares
13%
Romania Macroregiunea Doi 144,307 Bacău
13%
Austria Westösterreich 50,253 Dornbirn
13%
Poland Makroregion północno-zachodni 107,048 Koszalin
13%
Belgium Région de Bruxelles-Capitale/Brussels Hoofdstedelijk Gewest 97,979 Molenbeek-Saint-Jean
13%
France Ile-de-France 109,914 Montreuil
13%
Hungary Dunántúl 96,940 Székesfehérvár
13%
Romania Macroregiunea Unu 134,290 Târgu Mureș
13%
France Centre — Val de Loire 45,871 Blois
12%
Spain Comunidad de Madrid 194,514 Fuenlabrada
12%
Poland Makroregion północno-zachodni 123,609 Gorzów Wielkopolski
12%
Spain Comunidad de Madrid 210,309 Móstoles
12%
Germany Schleswig-Holstein 80,196 Neumünster
12%
France RUP FR — Régions Ultrapériphériques Françaises 84,961 Saint-Pierre
12%
Poland Makroregion południowy 199,974 Sosnowiec
12%
Hungary Dunántúl 78,407 Szombathely
12%
Belgium Vlaams Gewest 87,332 Aalst
11%
Bulgaria Yugozapadna i Yuzhna tsentralna Bulgaria 68,179 Blagoevgrad
11%
Hungary Alföld és Észak 110,687 Kecskemét
11%
Poland Makroregion południowo-zachodni 99,350 Legnica
11%
Hungary Alföld és Észak 116,799 Nyíregyháza
11%
Germany Sachsen 64,597 Plauen
11%
France Centre — Val de Loire 43,442 Châteauroux
10%
France Normandie 46,707 Évreux
10%
Germany Thüringen 45,419 Gotha
10%
Poland Makroregion południowo-zachodni 79,061 Jelenia Góra
10%
Belgium Région wallonne 81,138 La Louvière
10%
Malta Malta 21,426 Mosta
10%
Germany Brandenburg 44,862 Oranienburg
10%
France Corse 11,748 Porto-Vecchio
10%
Poland Makroregion południowo-zachodni 111,356 Wałbrzych
10%
Germany Sachsen-Anhalt 45,752 Wittenberg
10%
Poland Makroregion wschodni 63,437 Zamość
10%
Greece Kentriki Elláda 59,125 Chalcis
9%
France Bourgogne-Franche-Comté 44,810 Chalon-sur-Saône
9%
Netherlands Noord-Nederland 44,865 Drachten
9%
Hungary Közép-Magyarország 68,211 Érd
9%
Germany Saarland 41,875 Homburg
9%
Belgium Région de Bruxelles-Capitale/Brussels Hoofdstedelijk Gewest 87,632 Ixelles
9%
Bulgaria Yugozapadna i Yuzhna tsentralna Bulgaria 71,504 Pernik
9%
Greece Voreia Elláda 58,287 Serres
9%
Bulgaria Yugozapadna i Yuzhna tsentralna Bulgaria 68,298 Haskovo
8%
Estonia Eesti 32,577 Kohtla-Järve
8%
Spain Canarias 158,911 La Laguna
8%
Austria Südösterreich 24,187 Leoben
8%
Germany Saarland 46,179 Neunkirchen
8%
Germany Schleswig-Holstein 79,357 Norderstedt
8%
Poland Makroregion centralny 73,090 Piotrków Trybunalski
8%
Greece Nisia Aigaiou, Kriti 32,468 Rethymno
8%
Poland Makroregion województwo mazowieckie 78,185 Siedlce
8%
Malta Malta 24,358 Sliema
8%
Romania Macroregiunea Trei 79,610 Târgoviște
8%
Greece Kentriki Elláda 61,653 Tríkala
8%
Romania Macroregiunea Trei 65,181 Călărași
7%
Romania Macroregiunea Patru 92,617 Drobeta-Turnu Severin
7%
Greece Attiki 100,641 Kallithéa
7%
France RUP FR — Régions Ultrapériphériques Françaises 79,385 Le Tampon
7%
Greece Nisia Aigaiou, Kriti 27,871 Mytilene
7%
Poland Makroregion centralny 68,338 Ostrowiec Świętokrzyski
7%
Greece Attiki 139,981 Peristeri
7%
Poland Makroregion województwo mazowieckie 62,317 Pruszków
7%
Hungary Dunántúl 65,845 Tatabánya
7%
Portugal Região Autónoma dos Açores 8,654 Angra do Heroísmo
6%
France Corse 8,739 Borgo
6%
Austria Ostösterreich 27,595 Klosterneuburg
6%
Poland Makroregion centralny 64,757 Pabianice
6%
Malta Malta 17,287 Qormi
6%
Romania Macroregiunea Patru 98,776 Râmnicu Vâlcea
6%
Cyprus Kýpros 67,904 Stróvolos
6%
Spain Canarias 102,791 Telde
6%
Greece Attiki 99,346 Acharnes
5%
Spain Canarias 82,777 Arona
5%
Germany Sachsen-Anhalt 40,329 Halberstadt
5%
Finland Åland 5,386 Jomala
5%
Greece Voreia Elláda 91,518 Kalamariá
5%
Luxembourg Luxembourg 7,968 Pétange
5%
Germany Saarland 39,517 Völklingen
5%
France Corse 7,902 Biguglia
4%
Hungary Közép-Magyarország 35,545 Cegléd
4%
Hungary Közép-Magyarország 43,604 Dunakeszi
4%
Greece Voreia Elláda 74,686 Evosmos
4%
Finland Åland 2,114 Lemland
4%
Finland Åland 1,806 Saltvik
4%
Germany Saarland 35,427 St. Ingbert
4%
Finland Åland 2,603 Finström
3%
Luxembourg Luxembourg 8,922 Schifflange
3%
Hungary Közép-Magyarország 39,310 Szigetszentmiklós
3%
Portugal Região Autónoma dos Açores 7,079 Arrifes
2%
Portugal Região Autónoma da Madeira 15,227 Câmara de Lobos
2%
Portugal Região Autónoma dos Açores 7,087 Lagoa
2%
Cyprus Kýpros 38,346 Lakatámeia
2%
Portugal Região Autónoma da Madeira 11,505 Machico
2%
Portugal Região Autónoma dos Açores 8,431 Rabo de Peixe
2%
Portugal Região Autónoma da Madeira 4,270 Livramento
1%
Portugal Região Autónoma da Madeira 3,607 Quinta
1%
No matching quizzes found
Score Distribution
Percent of People with Each Score
Percentile by Number Answered
Your Score History
You have not taken this quiz